World Currency by First Two Letters in 90 Seconds - Statistics

General Stats
  • This quiz has been taken 3,717 times
  • The average score is 35 of 79
Answer Stats
Countries Currency % Correct
Sao Tome & Principe Dobra
95%
US, Canada, Australia, New Zealand... Dollar
95%
Vietnam Dong
95%
Most European Union countries Euro
95%
Belarus, Russia Ruble
85%
Mexico, Argentina, Chile, Cuba.... Peso
83%
Maldives Rufiyaa
82%
India, Pakistan, Sri Lanka, Nepal... Rupee
82%
Indonesia Rupiah
82%
UK, Egypt, Lebanon, Sudan, Syria Pound
79%
Japan Yen
70%
China Yuan
65%
Algeria, Iraq, Serbia, Tunisia... Dinar
64%
Morocco, United Arab Emirates Dirham
64%
Switzerland, many African countries Franc
62%
Sweden, Iceland Krona
62%
Denmark, Norway Krone
62%
Swaziland Lilangeni
61%
Turkey Lira
61%
Albania Lek
55%
Honduras Lempira
55%
Sierra Leone Leone
55%
Moldova, Romania Leu
55%
Bulgaria Lev
55%
Israel Shekel
55%
Azerbaijan, Turkmenistan Manat
52%
Bosnia & Herzegovina Mark
52%
Iran, Oman, Yemen Rial
50%
Cambodia Riel
50%
Malaysia Ringgit
50%
Qatar, Saudi Arabia Riyal
50%
Brazil Real
49%
Thailand Baht
48%
Panama Balboa
48%
Venezuela Bolívar
48%
Bolivia Boliviano
45%
Czech Republic Koruna
45%
Kenya, Somalia, Tanzania, Uganda Shilling
45%
Peru Sol
45%
South Africa Rand
42%
Macedonia Denar
40%
Georgia Lari
40%
Kyrgyzstan, Uzbekistan Som
40%
Costa Rica, El Salvador Colón
36%
Nicaragua Córdoba
36%
Poland Złoty
36%
Gambia Dalasi
35%
Tonga Paʻanga
35%
South Korea, North Korea Won
35%
Hungary Forint
33%
Lesotho Loti
33%
Croatia Kuna
30%
Mozambique Metical
29%
Bangladesh Taka
29%
Samoa Tālā
29%
Ethiopia Birr
28%
Nigeria Naira
28%
Eritrea Nakfa
28%
Mongolia Tögrög
27%
Afghanistan Afghani
25%
Ghana Cedi
25%
Papua New Guinea Kina
25%
Laos Kip
25%
Botswana Pula
24%
Kazakhstan Tenge
24%
Paraguay Guaraní
23%
Haiti Gourde
22%
Armenia Dram
21%
Madagascar Ariary
18%
Guatemala Quetzal
18%
Vanuatu Vatu
16%
Ukraine Hryvnia
15%
Malawi, Zambia Kwacha
13%
Angola Kwanza
13%
Cape Verde Escudo
12%
Myanmar Kyat
9%
Bhutan Ngultrum
9%
Mauritania Ouguiya
6%
Tajikistan Somoni
1%
No matching quizzes found
Score Distribution
Percent of People with Each Score
Percentile by Number Answered
Your Score History
You have not taken this quiz